Ostraca demotici e ieratici dall'archivio bilingue di Narmouthis. II, (nn. 34-99) /

محفوظ في:

المؤلف الرئيسي: Gallo, Paolo.

التنسيق: كتاب

اللغة: Italian

منشور في: Pisa : ETS, c1997.

سلاسل: Quaderni di Medinet Madi ; 3.

الموضوعات:

الوسوم: إضافة وسم

لا توجد وسوم, كن أول من يضع وسما على هذه التسجيلة!

رقم الطلب: DT73 .M35 Q45 v.3

LEADER 00930nam a22002537a 4500
003 OSt
005 20251209090517.0
008 251209t1997 it af b 000 0 ita d
020 |a 8846700732 
040 |c ARCE Library 
050 1 4 |a DT73 .M35  |b Q45 v.3 
100 1 |a Gallo, Paolo. 
245 1 0 |a Ostraca demotici e ieratici dall'archivio bilingue di Narmouthis.   |b II, (nn. 34-99) /   |c Paolo Gallo. 
264 1 |a Pisa :   |b ETS,   |c c1997. 
300 |a lxx, 166 pages, xxxvi pages of plates :   |b illustrations ;   |c 30 cm. 
490 0 |a Quaderni di Medinet Madi ;   |v 3. 
504 |a Includes bibliographical references. 
650 0 |a Egyptian language -- Demotic, ca. 650 B.C.-450 A.D. -- Texts. 
650 0 |a Ostraka -- Catalogs and collections -- Egypt -- Narmouthis (Extinct city). 
651 0 |a Narmouthis (Extinct city). 
651 0 |a Egypt -- Narmouthis (Extinct city). 
901 |a reviewed 
942 |2 lcc  |c BK 
999 |c 47464  |d 47464